Search the Library Catalogue
| 000 -LEADER | |
|---|---|
| fixed length control field | 00814nam a2200217Ia 4500 |
| 008 - FIXED-LENGTH DATA ELEMENTS--GENERAL INFORMATION | |
| fixed length control field | 191130s2003##################000#0#eng## |
| 020 ## - INTERNATIONAL STANDARD BOOK NUMBER | |
| International Standard Book Number | 9788125024569 |
| 040 ## - CATALOGING SOURCE | |
| Original cataloging agency | ACL |
| Transcribing agency | ACL |
| 082 ## - DEWEY DECIMAL CLASSIFICATION NUMBER | |
| Classification number | 338.542095 MAN |
| 100 ## - MAIN ENTRY--PERSONAL NAME | |
| Personal name | Manikumar, K. A |
| 245 ## - TITLE STATEMENT | |
| Title | A colonial economy in the great depression, Madras (1929-1937) |
| Statement of responsibility, etc. | K.A. Manikumar |
| 260 ## - PUBLICATION, DISTRIBUTION, ETC. | |
| Place of publication, distribution, etc. | Chennai |
| Name of publisher, distributor, etc. | Orient Longman |
| Date of publication, distribution, etc. | 2003 |
| 300 ## - PHYSICAL DESCRIPTION | |
| Extent | xii, 226 p. ; 22 cm |
| 500 ## - GENERAL NOTE | |
| General note | Originally presented as the author's thesis (Ph. D.--University of Madras, 1989). Includes bibliographical references (p. 211-221) and index |
| 650 ## - SUBJECT ADDED ENTRY--TOPICAL TERM | |
| Topical term or geographic name entry element | Depressions - 1929 - India - Madras (Presidency) |
| Topical term or geographic name entry element | Economics |
| Topical term or geographic name entry element | Madras (India : Presidency) - Economic conditions |
| 990 ## - EQUIVALENCES OR CROSS-REFERENCES [LOCAL, CANADA] | |
| Link information for 9XX fields | 75e5b5b2ac10000c66e1449b6693704b |
| 991 ## - | |
| -- | 188718 |
| Withdrawn status | Lost status | Materials specified (bound volume or other part) | Damaged status | Not for loan | Home library | Current library | Shelving location | Date acquired | Total Checkouts | Full call number | Barcode | Date last seen | Price effective from | Koha item type |
|---|---|---|---|---|---|---|---|---|---|---|---|---|---|---|
| hbk | Anna Centenary Library | Anna Centenary Library | 4TH FLOOR, A WING | 15.10.2020 | 338.542095 MAN | 450103 | 15.10.2020 | 15.10.2020 | English Books |